000 00504nam a22001697a 4500
003 CEME
005 20210628205138.0
008 210226b xxu||||| |||| 00| 0 eng d
040 _c.
082 _a958.1 SHA'A
245 _aAfghanistan under soviet occupation a study of russia expansion drama
250 _aSHABBIR, HUSSAIN SYED ALVI, ABDUL HAMID RIZVI, ABSAR HUSSAIN
260 _aISLAMABA
_bWORLD AFFAIRS PUBLISHER
_c1980
300 _a211P
650 _a ACC NO-30777
_974149
942 _cBK
_2ddc
999 _c579715
_d579715